|
|
|
|
| LEADER |
00839nam a22002652a 4500 |
| 001 |
001770170 |
| 003 |
CZ BrMZK |
| 005 |
20210518140845.0 |
| 007 |
ta |
| 008 |
200922s1974 be er|||||||||||eng d |
| 040 |
|
|
|a BOA001
|b cze
|e aacr2
|
| 041 |
1 |
|
|a eng
|h ger
|
| 100 |
1 |
|
|a Jordan, Richard
|4 aut
|
| 245 |
1 |
0 |
|a Handbook of middle English grammar: phonology /
|c Richard Jordan
|
| 260 |
|
|
|a Hague :
|b Mouton,
|c 1974
|
| 300 |
|
|
|a 34, 331 s.
|
| 490 |
1 |
|
|a Janua linguarum. Series practica ;
|v 218
|
| 500 |
|
|
|a Přel. z němčiny
|
| 504 |
|
|
|a Obsahuje bibliografii
|
| 765 |
0 |
|
|t Handbuch der mittelenglischen Grammatik
|9 Anglicky
|
| 830 |
|
0 |
|a Janua linguarum.
|p Series practica
|
| 910 |
|
|
|a BOA001
|b 3-0764.397
|
| 990 |
|
|
|a BK
|
| 991 |
|
|
|b 202009
|
| 996 |
7 |
|
|b 2618898652
|c 3-0764.397
|l MZK
|r Sklad / do 1 hodiny
|n 0
|w 001827965
|u 000010
|a 1
|e BOA001
|j MZK50
|s A
|